00621nam a22002177a 4500003001100000005001700011008004100028040003900069041000800108082001500116100001800131245002400149260003900173300001000212650001400222650002700236650002800263942000700291952009000298999001500388LK-CoMWRAF20240113150548.0240113b2003 |||||||| |||| 00| 0 eng d aLK-CoMWRAFdLK-CoMWRAFeLK-CoMWRAF aeng a305.4bBHA aBhasin, Kamla aWhat is patriarchy? aNew Delhi:bWomen unlimited,c2003 a42 p. aFEMINISM  aPatriarchy-South Asia  aWomen-Social conditions cBK 00104070aMAINbMAINd2024-01-13l0o305.4 BHApRAF4723r2024-01-13w2024-01-13yBK c4615d4615